|
|
|
|
| LEADER |
01151nam a2200289 a 4500 |
| 001 |
17227979 |
| 008 |
120327s2012 nyu b 000 0 eng d |
| 010 |
|
|
|a 2012012442
|
| 020 |
|
|
|a 9781451674668 (hdbk.)
|
| 020 |
|
|
|a 9781451674699
|
| 020 |
|
|
|a 145167466X
|
| 040 |
|
|
|a DLC
|c DLC
|d DLC
|d BD-DhAAL
|
| 082 |
0 |
0 |
|a 204
|2 23
|
| 100 |
1 |
|
|a Nepo, Mark.
|
| 245 |
1 |
0 |
|a Seven thousand ways to listen :
|b staying close to what is sacred /
|c Mark Nepo.
|
| 260 |
|
|
|a New York :
|b Free Press,
|c 2012.
|
| 300 |
|
|
|a xiv, 273 p. ;
|c 24 cm.
|
| 504 |
|
|
|a Includes bibliographical references (p. 260-272).
|
| 541 |
|
|
|a 26897
|
| 650 |
|
0 |
|a Spiritual life.
|
| 650 |
|
0 |
|a Spirituality.
|
| 650 |
|
0 |
|a Listening
|x Religious aspects.
|
| 852 |
1 |
|
|a Ayesha Abed Library
|c General shelf.
|
| 852 |
1 |
|
|a Ayesha Abed Library
|c General shelf.
|
| 856 |
4 |
1 |
|3 Sample text
|u http://www.loc.gov/catdir/enhancements/fy1303/2012012442-s.html
|
| 999 |
|
|
|c 13429
|d 13429
|
| 952 |
|
|
|0 0
|1 0
|2 ddc
|4 0
|6 204_000000000000000_NEP
|7 0
|9 22367
|a BRACUL
|b BRACUL
|c GEN
|d 2012-05-16
|e Trim education
|g 1950.00
|l 3
|o 204 NEP
|p 3010026897
|r 2025-07-30
|s 2025-07-17
|t 1
|w 2012-05-16
|y BK
|x Transferred from BIL to BRACUL on 06/06/22
|